000 00771nam a22002890a 4500
001 PT57767
003 AR-LpoUNG
005 20210131231839.0
008 191001s2015||||ag |||||||||||||||||spa d
020 _a9789873967047
_c$8
040 _aAR-LpoUNG
_bspa
_cAR-LpoUNG
_eaacr
041 _aspa
044 _aag
082 0 _a808.068 3 744rec
100 1 _aRoldán, Gustavo
245 1 0 _aCómo reconocer a un monstruo
250 _a1ra. ed.
260 _aBuenos Aires :
_bCalibroscopio,
_c2015.
300 _a[26] p. :
_bil.
505 0 _aSugerido a partir de 6 años (etiqueta AMARILLA)
650 4 _aCUENTOS
650 4 _aLITERATURA
651 4 _aDOCUMENTOS TEORICOS O METODOLOGICOS
653 _aLITERATURA INFANTIL
905 _a57767
942 _cLIB
999 _c12190
_d12190